000 00517nam a2200181Ia 4500
001 23584
005 20260414150947.0
008 260414t2013||||xx |||||||||||||| ||spa||
041 _aESP
082 _a670.42
_bC92
100 _aCruelles, José Agustín
_eAUT
245 0 _aIngeniería industrial :
_bmétodos de trabajo, tiempos y su aplicación a la planificación y a la mejora continua
260 _c2013
300 _a830 páginas :
_c23 cm.
650 _aTCA
654 _aCII
942 _cLIB
_dJUS
_fJUS
_2ddc
_n
999 _c23584
_d23584